| 000 | 01604nam a22004457a 4500 | ||
|---|---|---|---|
| 999 |
_c1106 _d1106 |
||
| 003 | AR-CdUCM | ||
| 008 | 190226b ||||| |||| 00| 0 spa d | ||
| 040 |
_aMUNICIPALIDAD PROVINCIAL DEL CUSCO _cBIBLIOTECA MUNICIPAL DEL CUSCO |
||
| 082 |
_a869.15 / _bC81 |
||
| 245 |
_aAntología contemporánea del cuento mexicano : _b Juan de la Cabada, Agustín Yáñez, José Revueltas [y otros] / |
||
| 300 |
_a269 páginas ; _c21 cm. |
||
| 500 | _a"Cuentos mexicanos. El rostro profundo de México, descubierto por sus mejores autores de hoy"--Cubierta. | ||
| 650 |
_aAutores mexicanos _94311 |
||
| 650 |
_aCuento mexicano _94312 |
||
| 650 |
_aColecciones _9607 |
||
| 650 |
_aCuento siglo XX _94313 |
||
| 700 |
_aCongrains Martín, Enrique (recopilador) _94314 |
||
| 700 |
_aCabada, Juan de la _94315 |
||
| 700 |
_aYáñez, Agustín _91280 |
||
| 700 |
_aRevueltas, José _94316 |
||
| 700 |
_aValadés, Edmundo _94317 |
||
| 700 |
_aGarcia Cantu, Gastón _94318 |
||
| 700 |
_aArreola, Juan Jose _94319 |
||
| 700 |
_aRulfo, Juan _93654 |
||
| 700 |
_aLópez Páez, Jorge _94320 |
||
| 700 |
_aDueñas, Guadalupe _94321 |
||
| 700 |
_aCarballido, Emilio _94322 |
||
| 700 |
_aCastellanos, Rosario _94323 |
||
| 700 |
_aValdés, Carlos _94324 |
||
| 700 |
_aDávila, Amparo _94325 |
||
| 700 |
_aFuentes, Carlos _91310 |
||
| 700 |
_aMojarro, Tomás _9859 |
||
| 700 |
_aZepeda, Eraclio _94326 |
||
| 700 |
_aSouto Alabarce, Arturo _94327 |
||
| 700 |
_aGarcia Ponce, Juan _94328 |
||
| 700 |
_aColina, Jose de la _94329 |
||
| 700 |
_aPacheco, José Emilio _94330 |
||
| 942 |
_2ddc _cLIBROS |
||
| 945 | _azta | ||